000
00227nmm a2200097Ia 4500
008
220120s9999||||xx |||||||||||||||||und||
020
_a
978-81-203-3468-7
100
_a
EFY
245
0
_a
Ubuntu 16.4 LIS
260
_a
EFY
_b
New delhi
999
_c
140004
_d
140004